000 00887nam a2200241Ia 4500
003 GCL
008 140319s9999 xx 000 0 ara d
020 _a3203705977
040 _aGCL /
_cGCL
082 0 4 _a914
_bم ا
100 1 _aمحمد عبدالغنى سعودى
245 1 0 _aاوروبا الجديدة :
_bفى شخصية القارة وشخصية الاقاليم /
_cمحمد عبدالغنى سعودى
260 _aالقاهرة :
_bمكتبة الانجلوالمصرية ،
_c2004
300 _a347 ص ؛
_c30 سم
650 0 4 _aالجغرافيا الاقتصادية
650 0 4 _aاوربا - جغرافيا
650 0 4 _aالمانيا - جغرافيا
650 0 4 _aفرنسا - جغرافيا
650 0 4 _aسويسرا - جغرافيا
650 0 4 _aالسويد - جغرافيا
650 0 4 _aالدانمرك - جغرافيا
942 _2ddc
_cBK
999 _c33393
_d33393